000 00379nam a22001457a 4500
020 _qPB.
040 _cFIZZA ISHAQ
082 _a624.171
_bWES
100 _aWest, Harry H.
245 _aFundamentals of structural analysis /
_cHarry H , West.
250 _a2ND ED.
260 _aNew York:
_b John Wiley,
_c2002.
300 _a xvii, 567 p. : ill. ;
_c26 cm
942 _2ddc
_cBK
999 _c616575
_d616575